El oficio de escritor : entrevistas con Forster, E.M y otros
Gorde:
| Formatua: | Ezezaguna |
|---|---|
| Hizkuntza: | Spanish |
| Argitaratua: |
México :
Ediciones Era,
1977
|
| Edizioa: | 3. edición |
| Saila: | (Biblioteca Era)
|
| Gaiak: | |
| Etiketak: |
Etiketa erantsi
Etiketarik gabe, Izan zaitez lehena erregistro honi etiketa jartzen!
|
MARC
| LEADER | 000000000a22000000004500 | ||
|---|---|---|---|
| 001 | 001514 | ||
| 041 | 0 | |a spa | |
| 082 | 0 | 4 | |a 809 |b O31o3 |
| 245 | 0 | 3 | |a El oficio de escritor : |b entrevistas con Forster, E.M y otros |
| 250 | |a 3. edición | ||
| 260 | 1 | |a México : |b Ediciones Era, |c 1977 | |
| 300 | |a 326 páginas : |b ilustraciones, retratos | ||
| 490 | 1 | |a (Biblioteca Era) | |
| 500 | |a Título original: Writers at work / The Paris Review interviews | ||
| 505 | |a Contenido: entrevistas | ||
| 650 | 4 | |a AUTORES | |
| 650 | 4 | |a NOVELAS | |
| 999 | |c 8238 |d 8238 | ||
| 942 | |c BK |h 809 O31o3 |2 z | ||
